00426nam a2200133Ia 4500008004100000100002400041245011500065260000900180300001500189504000800204650003300212650001800245773002900263181130s2018 xx 000 0 und d aCools, Pieter et al aParity of participation and the politics of needs interpretation:bengagement with Roma migrants in Manchester c2018 ap.359-376. dApr aMigrants - U.K. - Manchester aRoma migrants aJournal of Social Policy